Statistics for Biggest Cities in Japan on a Map

Click here to take the quiz!

General Stats

  • This quiz has been taken 638 times
  • The average score is 11 of 15

Answers on the Map

Answers color-coded by a green-red scale on the quiz's map according to % correct below.
 

Answer Stats

PopulationCity% Correct
9,555,919Tokyo
100%
2,725,006Osaka
97%
1,199,252Hiroshima
92%
1,468,980Kyoto
90%
1,966,416Sapporo
90%
2,320,361Nagoya
87%
3,740,172Yokohama
83%
1,579,450Fukuoka
79%
1,527,407Kobe
78%
1,088,669Sendai
65%
977,247Chiba
49%
1,295,607Saitama
49%
1,516,483Kawasaki
48%
945,595Kitakyushu
43%
831,017Sakai
29%

Score Distribution

Percentile by Number Answered

Percent of People with Each Score

Your Score History

You have not taken this quiz